000 00528nam a22001697a 4500
003 OSt
005 20260407120828.0
008 260407b |||||||| |||| 00| 0 eng d
040 _cMRSPTU
041 _aEnglish
100 _aAmit Kumar Singla, Supervisor: Sandeep Kansal
245 _aNatural radioactivity studies in the environs of northern Rajasthan
260 _bDepartment of Physics, MRSPTU, Bathinda
_c2022
650 _aPhysics
856 _uhttp://163.47.215.52:8080/jspui/handle/123456789/488
942 _2ddc
_cTH
_n0
999 _c11331
_d11331